Music Quiz

Random Music or Song Quiz

Songs In Other Words Quiz Stats

 Plays Quiz Updated Feb 28, 2012

Challenge
Share
Tweet
Embed
Score 0/32 Timer 07:00
3 Plays Today
Clue Song % Correct
Yolk counterpartWhite Christmas
88.7%
Hilton or MarriottHotel California
86.8%
Word after Huckleberry and BassetHound Dog
76.6%
Hindu belief in destinyKarma Chameleon
63%
KonnichiwaHello Goodbye
62.4%
Browse the webSurf City
59.3%
Fireplace toolPoker Face
56.4%
Jazz singer HolidayBillie Jean
55.5%
M. _____ ShyamalanNight Fever
53.2%
Cutting a rugDancing Queen
52.3%
Equal a bet in pokerCall Me
51.7%
Duck feathersDown Under
51.5%
Good time for teaAfternoon Delight
51.1%
Sra. or Mme. in EnglishMrs. Robinson
49.2%
The 'A' in AL or ABCAmerican Pie
49.1%
Captain Hook's greatest fearCrocodile Rock
41.3%
Clue Song % Correct
Cortez's quest Gold Digger
41%
High schoolerTeen Angel
39.8%
1/3 of a Clint Eastwood spaghetti westernBad Medicine
36.5%
Darth Vader, to Luke SkywalkerFather Figure
34.4%
FantasizeDaydream Believer
32.9%
Like jokers, in cardsWild Thing
32.6%
Jennifer Grey in
'Dirty Dancing'
Baby Love
31.8%
Biloxi's state (abbr.)Ms. Jackson
31.1%
Jolly dwarf Happy Together
30.2%
1/3 of a Clint Eastwood spaghetti westernGood Vibrations
27.7%
Villainous doctor of Bond filmNo Scrubs
26.8%
FaithfulTrue Colors
23.6%
Scott Joplin compositionRag Doll
22.2%
DailyEveryday People
21.8%
Go down in defeatLose Yourself
14.4%
FracturedBroken Wings
12.7%

You're not logged in!

Compare scores with friends on all Sporcle quizzes.
Join for Free
OR
Log In

You Might Also Like...

Show Comments

Extras

Top Quizzes Today


Score Distribution

Your Account Isn't Verified!

In order to create a playlist on Sporcle, you need to verify the email address you used during registration. Go to your Sporcle Settings to finish the process.

Report this User

Report this user for behavior that violates our Community Guidelines.

Details: